| 000 | 00000nam##2200000za#4500 |
| 001 | 9.580788 |
| 003 | CaOODSP |
| 005 | 20210624191215 |
| 007 | cr ||||||||||| |
| 008 | 150406|2000||||xxc|||||o f|0| 0 eng|d |
| 040 | |aCaOODSP|beng |
| 043 | |an-cn--- |
| 086 | 1 |aNH18-22/100-117E-PDF |
| 110 | 2 |aCanada Mortgage and Housing Corporation. |
| 245 | 10|aMechanical and electrical systems in apartments and multi-suite buildings : |h[electronic resource]|ba practitioner's handbook |
| 250 | |aRevised 2007 |
| 260 | |aOttawa - Ontario : |bCanada Mortgage and Housing Corporation |cc2000, 2007. |
| 300 | |a4p. |
| 490 | 1 |aResearch and development highlights; technical series|v00-117 |
| 500 | |aFile reproduced from original print. |
| 590 | |a14-16-Supp|b2014-09-25 |
| 775 | 08|tInstallations mécaniques et électriques des immeubles résidentiels : |w(CaOODSP)9.607732 |
| 776 | 0#|tMechanical and electrical systems in apartments and multi-suite buildings : |w(CaOODSP)9.615365 |
| 830 | #0|aResearch and development highlights; technical series ;|v00-117|w(CaOODSP)9.504481 |
| 856 | 40|ahttp://publications.gc.ca|qPDF|s101 KB|uhttps://publications.gc.ca/collections/collection_2014/schl-cmhc/NH18-22-100-117-eng.pdf|y00-117 |